Beyoncè - I AM...SASHA FIERCE - Statistics

General Stats
  • This quiz has been taken 25 times
    8 since last reset
  • The average score is 12 of 22
Answer Stats
2008 I AM...SASHA FIERCE % Correct
12 Radio
100%
1 Single Ladies (Put a Ring on It)
100%
13 Video Phone
100%
20 Ave Maria
75%
19 Disappear
75%
2 Diva
75%
4 Halo
75%
11 Hello
75%
7 Sweet Dreams
75%
8 Broken-Hearted Girl
50%
3 Ego
50%
18 Satellites
50%
17 Save The Hero
50%
6 Smash Into You
50%
16 Honesty
25%
5 If I Were a Boy
25%
21 Poison
25%
9 Scared of Lonely
25%
10 That's Why You're Beautiful
25%
15 Why Don't You Love Me
25%
14 Ego (feat. Kanye West)
0%
22 Video Phone (feat. Lady Gaga)
0%
No matching quizzes found
Score Distribution
Percent of People with Each Score
Percentile by Number Answered
Your Score History
You have not taken this quiz since the last reset